| 000 | 00864cam a22002534a 4500 | ||
|---|---|---|---|
| 020 | _a1559633565 | ||
| 020 | _a9781559633567 | ||
| 020 | _a1559633573 | ||
| 020 | _a9781559633574 | ||
| 040 | _cDLC | ||
| 082 | 0 | 0 | _a634 FAO 1992 C156 Or. |
| 245 | 0 | 0 | _aAgroforestry and biodiversity conservation in tropical landscapes / |
| 300 |
_axii, 523 pages : _billustrations, maps ; _c24 cm |
||
| 650 | 0 | _aAgroforestry | |
| 650 | 0 | _aAgrobiodiversity | |
| 650 | 0 | _aAgroforestry | |
| 650 | 0 | _aAgrobiodiversity conservation | |
| 650 | 4 | _aAgroforesterie - Aspect de l'environnement - R©♭gions tropicales | |
| 650 | 4 | _aAgroforesterie - R©♭gions tropicales | |
| 650 | 4 | _aBiodiversit©♭ agricole - R©♭gions tropicales | |
| 650 | 4 | _aBiodiversit©♭ agricolez - Aspect de l'environnement - R©♭gions tropicales | |
| 700 | 1 | _aSchroth, G. | |
| 942 | _cAEDBB | ||
| 999 |
_c18955 _d18955 |
||